|
|
|
|
| LEADER |
02397nam a2200505 i 4500 |
| 001 |
001799080 |
| 003 |
CZ BrMZK |
| 005 |
20250801103133.0 |
| 007 |
ta |
| 008 |
210901s1993 xxk g 000 f eng |
| 020 |
|
|
|a 0-571-19471-0
|q (brožováno)
|
| 020 |
|
|
|a 0-571-19471-0
|q (5. dotisk 2002 ;
|q brožováno)
|
| 020 |
|
|
|a 978-0-571-19471-1
|q (dotisk 2022 ;
|q brožováno)
|
| 020 |
|
|
|a 978-0-571-19471-1
|q (33. dotisk 2024 ;
|q brožováno)
|
| 040 |
|
|
|a BOA001
|b cze
|e rda
|
| 041 |
1 |
|
|a eng
|k fre
|h cze
|
| 072 |
|
7 |
|a 821.162.3-3
|x Česká próza
|2 Konspekt
|9 25
|
| 080 |
|
|
|a 821.162.3-31
|2 MRF
|
| 080 |
|
|
|a (0:82-31)
|2 MRF
|
| 100 |
1 |
|
|a Kundera, Milan,
|d 1929-2023
|7 jk01070894
|4 aut
|
| 240 |
1 |
0 |
|a Valčík na rozloučenou.
|l Anglicky
|7 aun2014837718
|
| 245 |
1 |
0 |
|a Farewell waltz /
|c Milan Kundera ; translated by Aaron Asher
|
| 264 |
|
1 |
|a London :
|b Faber and Faber,
|c 1993
|
| 300 |
|
|
|a 278 stran ;
|c 20 cm
|
| 336 |
|
|
|a text
|b txt
|2 rdacontent
|
| 337 |
|
|
|a bez média
|b n
|2 rdamedia
|
| 338 |
|
|
|a svazek
|b nc
|2 rdacarrier
|
| 490 |
1 |
|
|a The modern master
|
| 500 |
|
|
|a Přeloženo z francouzské verze českého originálu
|
| 500 |
|
|
|a V roce 2002 5. dotisk, v roce 2022 dotisk, v roce 2024 33. dotisk
|
| 500 |
|
|
|a V roce 2024 u 33. dotisku doplněna edice: The modern master
|
| 655 |
|
7 |
|a české romány
|7 fd133974
|2 czenas
|
| 655 |
|
9 |
|a Czech fiction
|2 eczenas
|
| 700 |
1 |
|
|a Asher, Aaron,
|d 1929-2008
|7 xx0096978
|4 trl
|
| 765 |
0 |
8 |
|i Název francouzské verze:
|t Valse aux adieu
|9 Anglicky
|
| 830 |
|
0 |
|a Modern master
|
| 910 |
|
|
|a BOA001
|b KMK-0000.053
|
| 990 |
|
|
|a BK
|
| 991 |
|
|
|b 202111
|
| 996 |
6 |
|
|b 261K000053
|c KMK-0000.053
|l MZK
|r K. M. Kundery - 1. patro
|n 0
|p a.v.
|h B/04-02.C,005
|w 001862393
|u 000010
|a 0
|e BOA001
|j MZK50
|s P
|
| 996 |
6 |
|
|b 261K000183
|c KMK-0000.053
|l MZK
|r K. M. Kundery - 1. patro
|n 0
|p dar
|h B/04-02.C,006
|w 001862393
|u 000020
|a 0
|e BOA001
|j MZK50
|s P
|
| 996 |
6 |
|
|b 261K000184
|c KMK-0000.053
|l MZK
|r K. M. Kundery - 1. patro
|n 0
|p dar
|h B/04-02.C,004
|w 001862393
|u 000030
|a 0
|e BOA001
|j MZK50
|s P
|
| 996 |
6 |
|
|b 261K000185
|c KMK-0000.053
|l MZK
|r K. M. Kundery - 1. patro
|n 0
|p dar
|h B/04-02.C,003
|w 001862393
|u 000040
|a 0
|e BOA001
|j MZK50
|s P
|
| 996 |
6 |
|
|b 261K002149
|c KMK-0000.053
|l MZK
|r K. M. Kundery - 1. patro
|n 0
|p a.v.
|h B/04-02.C,007
|w 001862393
|u 000050
|a 0
|e BOA001
|j MZK50
|s P
|
| 996 |
6 |
|
|b 261K005300
|c KMK-0000.053
|l MZK
|r K. M. Kundery - 1. patro
|n 0
|p a.v.
|h B/04-02.C,008
|w 001862393
|u 000060
|a 0
|e BOA001
|j MZK50
|s P
|